000 00413nam a2200157Ia 4500
008 230917s9999||||xx |||||||||||||| ||und||
020 _cRS80
040 _e7055
_aMAIN
041 _aEnglish
082 _a320.50954 M692S
100 _aMital, Shiva Kumar
245 0 _aSri Aurobindo's integral approach to political thought
260 _aNew Delhi
_bMetropolitian
_c1981
300 _aix, 268 p.
942 _cBK
999 _c225869
_d225869